| 000 | 00951nam a22002777a 4500 | ||
|---|---|---|---|
| 001 | 7181 | ||
| 003 | FISKH | ||
| 005 | 20250701143254.0 | ||
| 008 | 250701b cb ||||| |||| 00| 0 eng d | ||
| 020 | _a9780531204306 | ||
| 040 |
_aFISKH _beng _cFISKH _dFISKH |
||
| 050 | _a GV943.25 .F35 | ||
| 082 | _a796.334 | ||
| 100 | _aFalk, Laine | ||
| 245 |
_aLet's talk soccer / _cby Laine Falk |
||
| 260 |
_aNew York : _bScholastic, _c2009. |
||
| 300 |
_a24 pages : _bcolor illustrations ; _c21 cm |
||
| 490 |
_aScholastic News Nonfiction Readers: _vSports Talk |
||
| 505 | _aL | ||
| 520 | _aPhotographs and simple text describe the positions and techniques of soccer including heading and passing the ball, the goalie's job, scoring a goal, dribbling and juggling, and what soccer players wear. | ||
| 521 | 8 |
_a510
_bLexile |
|
| 521 | 8 |
_aL
_bRaz-Plus |
|
| 650 |
_aSports _vGame rules _xTechnique |
||
| 942 |
_2ddc _cBK _n0 |
||
| 999 |
_c7181 _d7181 |
||